000 00562nam a22002057a 4500
003 OSt
005 20231219060816.0
008 150323b xxu||||| |||| 00| 0 eng d
020 _a0534014089
040 _cDNLM
082 _aWM 30 B62c 1984
100 _aBloom Bernard L.
_93236
245 _aCommunity Mental Health:
_bA general Introduction
250 _a2nd ed.
260 _aCarlifornia:
_bBrooks/Cole publishing company;
_c1984.
300 _axi, 497 p:
_bill;
_c25 cm.
504 _aIncludes index.
650 _aMental health
_93237
942 _2z
_cSLOAN
999 _c1193
_d1193